"estrategias motivacionales para desarrollar el pensamiento matemático creativo en los alumnos del primer grado de educación secundaria de la institución educativa de Huayllaccocha de Anta Cusco, 2009" / (Record no. 4092)

000 -CABECERA
fixed length control field 01063nam a22002177a 4500
003 - IDENTIFICADOR DEL NÚMERO DE CONTROL
control field AR-CdUCM
008 - DATOS DE LONGITUD FIJA--INFORMACIÓN GENERAL
fixed length control field 190307b ||||| |||| 00| 0 spa d
040 ## - FUENTE DE LA CATALOGACIÓN
Agencia/entidad que catalogó originalmente la obra MUNICIPALIDAD PROVINCIAL DEL CUSCO
Entidad que transcribió la catalogación BIBLIOTECA MUNICIPAL DEL CUSCO
082 ## - NÚMERO DE LA CLASIFICACIÓN DECIMAL DEWEY
No. de Clasificación 375.05 /
Notacion interna M35
100 ## - ENTRADA PRINCIPAL--NOMBRE DE PERSONA
Nombre Personal Meche Pilco, Hilda
245 ## - MENCIÓN DE TÍTULO
Título "estrategias motivacionales para desarrollar el pensamiento matemático creativo en los alumnos del primer grado de educación secundaria de la institución educativa de Huayllaccocha de Anta Cusco, 2009" /
260 ## - PUBLICACIÓN, DISTRIBUCIÓN, ETC.
Lugar de publicación, distribución, etc. Cusco :
Nombre de la editorial, distribuidor, etc. Sonny graff E.I.R.L.,
Fecha de publicación, distribución, etc. 2013.
300 ## - DESCRIPCIÓN FÍSICA
Nº de Páginas Extensión 101 páginas ;
Dimensiones 29.5 cm.
505 ## - NOTA DE CONTENIDO CON FORMATO
Nota de contenido formateada Contenido: Análisis del proceso de enseñanza aprendizaje en la institución educativa de Huayllaccocha -- Estrategias motivacionales para el desarrollo del pensamiento matemático creativo ...
650 ## - PUNTO DE ACCESO ADICIONAL DE MATERIA--TÉRMINO DE MATERIA
Descriptor Enseñanza - Matemáticas - Cusco
9 (RLIN) 12977
650 ## - PUNTO DE ACCESO ADICIONAL DE MATERIA--TÉRMINO DE MATERIA
Descriptor Procesos de enseñanza - Huayllaccocha
9 (RLIN) 12978
650 ## - PUNTO DE ACCESO ADICIONAL DE MATERIA--TÉRMINO DE MATERIA
Descriptor Pensamiento matemático
9 (RLIN) 12979
942 ## - ELEMENTOS DE PUNTO DE ACCESO ADICIONAL (KOHA)
Fuente de clasificación
Tipo de item Libros-BMC
945 ## - PROCESAMIENTO DE INFORMACIÓN LOCAL (OCLC)
Catalogador lccs
Holdings
Estado de retiro (separado) Fuente de clasificación o esquema de estanterías Estado dañado Ubicación Sala donde se ubica Nombre de la colección Fecha de adquisición o compra Costo, precio normal en soles Signatura topográfica Código de Barras Última vez visto (Koha) Tipo de ítem (Koha)
No     Sala Humanidades Sala Humanidades Book Cart 2019-03-07 30.00 375.05 / M35 SH0000004129 2019-03-07 Libros-BMC

Powered by Koha